Rahsia-rahsia shalat / (Record no. 1265)

000 -LEADER
fixed length control field nam a22 a 4500
003 - CONTROL NUMBER IDENTIFIER
control field AKMAL
005 - DATE AND TIME OF LATEST TRANSACTION
control field 20170509085231.0
008 - FIXED-LENGTH DATA ELEMENTS--GENERAL INFORMATION
fixed length control field 1 t1988 my a e | 000 0 may d
040 ## - CATALOGING SOURCE
Original cataloging agency AKMAL
082 ## - DEWEY DECIMAL CLASSIFICATION NUMBER
Classification number 297.52 GHA
090 ## - LOCALLY ASSIGNED LC-TYPE CALL NUMBER (OCLC); LOCAL CALL NUMBER (RLIN)
Classification number (OCLC) (R) ; Classification number, CALL (RLIN) (NR) 297.52
Local cutter number (OCLC) ; Book number/undivided call number, CALL (RLIN) GHA
100 1# - MAIN ENTRY--PERSONAL NAME
Personal name Al Ghazali,
Dates associated with a name 1988-
9 (RLIN) 2509
245 1# - TITLE STATEMENT
Title Rahsia-rahsia shalat /
Statement of responsibility, etc. al-Ghazali, terjemahan Muhammad al-Baqir
260 ## - PUBLICATION, DISTRIBUTION, ETC.
Place of publication, distribution, etc. Kuala Lumpur :
Name of publisher, distributor, etc. Pustaka Jasmin,
Date of publication, distribution, etc. 1988
300 ## - PHYSICAL DESCRIPTION
Extent 206p. :
Other physical details il. ;
Dimensions 22cm.
500 ## - GENERAL NOTE
General note Mengandungi ayat-ayat dari quran
500 ## - GENERAL NOTE
General note Judul asal " Asrar as-shalan"
650 ## - SUBJECT ADDED ENTRY--TOPICAL TERM
Topical term or geographic name entry element Prayer
General subdivision Islam
9 (RLIN) 1518
700 ## - ADDED ENTRY--PERSONAL NAME
Personal name Muhammad al-Baqir
9 (RLIN) 2510
942 ## - ADDED ENTRY ELEMENTS (KOHA)
Source of classification or shelving scheme
Koha item type Book
Holdings
Withdrawn status Lost status Source of classification or shelving scheme Damaged status Not for loan Collection code Home library Current library Shelving location Date acquired Inventory number Total Checkouts Full call number Barcode Date last seen Price effective from Koha item type
          NON-FICTION AKMAL Melaka AKMAL Melaka PINJAMAN 09.05.2017 200159   297.52 GHA 201702451 09.05.2017 09.05.2017 Book
Pusat Sumber Maklumat Dato' Haji Sarmin Md Hussin, Akademi Kastam Diraja Malaysia, Melaka
Tel: 06-2331106 | Faks: 06-2313787